University Home | Library Home | Institutional Repository

The victims : (Record no. 162010)

MARC details
000 -LEADER
fixed length control field 00690cam5a220021700 4500
001 - CONTROL NUMBER
control field zam00000025
008 - FIXED-LENGTH DATA ELEMENTS--GENERAL INFORMATION
fixed length control field 951128c1987 xx eng u
020 ## - INTERNATIONAL STANDARD BOOK NUMBER
International Standard Book Number 0582002419
035 ## - SYSTEM CONTROL NUMBER
System control number (Sirsi) r17580
035 ## - SYSTEM CONTROL NUMBER
System control number (MACHINE)00087
100 1# - MAIN ENTRY--PERSONAL NAME
Personal name Okpewho, Isidore.
Linkage A2073.1
245 14 - TITLE STATEMENT
Title The victims :
Remainder of title a novel of polygamy in modern Africa.
260 ## - PUBLICATION, DISTRIBUTION, ETC.
Place of publication, distribution, etc. Essex :
Name of publisher, distributor, etc. Longmans,
Date of publication, distribution, etc. c1987.
591 ## -
-- School: S01.
591 ## -
-- School Dept: S01/01.
700 ## - ADDED ENTRY--PERSONAL NAME
Personal name Isidore Okpewho.
Linkage A75681.1
949 ## - LOCAL PROCESSING INFORMATION (OCLC)
a PR/6065/.K6
w lcc
i -13437
p 650
t BOOK
l ON-SHELF
949 ## - LOCAL PROCESSING INFORMATION (OCLC)
a PR/6065/.K6
w lcc
i -13438
p 650
t BOOK
l ON-SHELF
900 ## - EQUIVALENCE OR CROSS-REFERENCE-PERSONAL NAME [LOCAL, CANADA]
-- 1987
Field link and sequence number PR/6065/.K6
Titles and other words associated with a name 2
Dates associated with a name 12/21/93
Date of a work FINNIDA
Name of part/section of a work 650

No items available.

© 2026 - The University of Zambia Library - Koha v25.11